Nákup elektriny a plynu verejnými obstarávateľmi na komoditných burzách

V podmienkach SR je nákup elektriny a plynu verejnými obstarávateľmi (napr. z dôvodu rušenia verejného obstarávania pre nepredloženie ani jednej akceptovateľnej ponuky) častokrát problematický. Cieľom tohto článku je preto, na príklade Českej republiky, priblížiť najmä verejným obstarávateľom postup...

Full description

Saved in:
Bibliographic Details
Main Author: Havlová, Adéla
Other Authors: Šimková, Jana
Format: Book Chapter
Language:Slovak
Subjects:
Tags: Add Tag
No Tags, Be the first to tag this record!

MARC

LEADER 00000naa a2200000 4500
001 0296071
005 20240417075246.1
041 0 |a slo 
044 |a SK 
245 1 0 |a Nákup elektriny a plynu verejnými obstarávateľmi na komoditných burzách  |c Adéla Havlová, Jana Šimková 
520 |a V podmienkach SR je nákup elektriny a plynu verejnými obstarávateľmi (napr. z dôvodu rušenia verejného obstarávania pre nepredloženie ani jednej akceptovateľnej ponuky) častokrát problematický. Cieľom tohto článku je preto, na príklade Českej republiky, priblížiť najmä verejným obstarávateľom postup pri nákupe elektriny a plynu na komoditných burzách vrátane možnosti využitia českých komoditných búrz k takýmto nákupom. 
610 2 0 |a obstarávanie verejné 
610 2 0 |a burzy komoditné 
610 2 0 |a nákup 
610 2 0 |a elektrina 
610 2 0 |a plyn 
610 2 0 |a zákony 
610 2 0 |a Česko 
100 1 |a Havlová, Adéla 
700 1 |a Šimková, Jana